000 01093nam a22002777a 4500
005 20150406145251.0
010 _aENG-112521
020 _a9789383649310
_c940.00
035 _aEN-96053
037 _bDBAD/PUB
082 _a343.5407
100 _aJain, S.C.
245 0 0 _aProductivity and discipline :
_cby S.C. Jain
_bvictims of misdirected social justice /
250 _a2nd ed
260 _aNew Delhi
_bKW Publishers
_c2015
270 _a4676/21, First Floor, Ansari Road, Daryaganj,
_bNew Delhi
_e110002
300 _axxx,323p.
_c24cm(Hb)
500 _aIncludes index
520 _aCase studies in the light of labor laws and impact of indiscipline on industrial production and productivity in India.
650 _a Industrial laws and legislation
_xEconomic aspects
_z India.
650 _a Industrial laws and legislation
_xSocial aspects
_z India.
650 _a Justice, Administration of
_xEconomic aspects
_z India.
650 _a Justice, Administration of
_xSocial aspects
_z India.
650 _aSocial justice.
942 _2ddc
_cEN
_mJAI
_h343.5407
999 _c92550
_d92550